[Event "Lichtenrader Herbst 2011"]
[Site "Berlin"]
[Date "2011.10.13"]
[Round "6.17"]
[White "Gaerths, Ronny"]
[Black "Buttkus, André"]
[Result "1-0"]
[WhiteElo "2219"]
[BlackElo "2071"]
[PlyCount "65"]
[EventDate "2011.??.??"]
[WhiteTeam "SC Kreuzberg e.V."]
[BlackTeam "SK Tempelhof 1931 e.V."]

1. d4 d5 2. Bg5 g6 3. Nf3 Bg7 4. c4 c5 5. e3 cxd4 6. exd4 Nf6 7. Nc3 dxc4 8.
Bxc4 O-O 9. Ne5 Qb6 10. O-O Nc6 11. Nxc6 bxc6 12. Bb3 Rd8 13. Qf3 Qxd4 14. Rad1
Qb6 15. Na4 Qa5 16. Qc3 Qc7 17. Bf4 Rd6 18. Bxd6 exd6 19. Rfe1 Bf5 20. Qc1 Rd8
21. h3 h5 22. Bc2 Bc8 23. Qf4 Nd5 24. Qf3 Be5 25. Nc3 Nf4 26. Ba4 Bb7 27. Bb3
d5 28. Qe3 Bg7 29. Qe7 Rd7 30. Qe8+ Kh7 31. Bc2 d4 32. Ne4 Re7 33. Ng5+ 1-0

[Event "Lichtenrader Herbst 2011"]
[Site "Berlin"]
[Date "2011.10.13"]
[Round "6.18"]
[White "Hein, Carsten"]
[Black "Hoffmann, Peter"]
[Result "1-0"]
[WhiteElo "2178"]
[BlackElo "2035"]
[PlyCount "91"]
[EventDate "2011.??.??"]
[WhiteTeam "Potsdamer SV Mitte e.V."]
[BlackTeam "BSG 1827 Eckbauer e.V."]

1. Nf3 Nf6 2. g3 g6 3. Bg2 Bg7 4. O-O O-O 5. c4 d5 6. d4 dxc4 7. Na3 Nc6 8.
Nxc4 Be6 9. b3 Qc8 10. Bb2 Rd8 11. e3 Bd5 12. Qe2 Qe6 13. Rac1 Ne4 14. Rfd1 a5
15. a4 h6 16. Qf1 f5 17. Nfd2 Nf6 18. Bxd5 Nxd5 19. Nf3 Nf6 20. Nfe5 Nxe5 21.
Nxe5 Nd5 22. Nd3 b6 23. Re1 Rac8 24. Ba3 Kh7 25. Rc4 Bf6 26. Nf4 Qf7 27. Nxd5
Qxd5 28. Rec1 c6 29. Qg2 c5 30. Qxd5 Rxd5 31. dxc5 Rd3 32. Rb1 bxc5 33. Rxc5
Rxc5 34. Bxc5 e5 35. b4 Bd8 36. b5 Rc3 37. Ba7 Rc7 38. Bb6 Rc8 39. Bxd8 Rxd8
40. b6 Rb8 41. Kf1 Kg7 42. Ke2 Kf6 43. Kd3 Ke6 44. Kc4 Kd6 45. Kb5 e4 46. Kxa5
1-0

[Event "Lichtenrader Herbst 2011"]
[Site "Berlin"]
[Date "2011.10.13"]
[Round "6.19"]
[White "Kollberg, Lothar"]
[Black "Feikes, Joerg"]
[Result "1/2-1/2"]
[WhiteElo "2237"]
[BlackElo "1991"]
[PlyCount "85"]
[EventDate "2011.??.??"]
[WhiteTeam "SC Rotation Pankow e.V."]
[BlackTeam "vereinlos"]

1. d4 d5 2. c4 e6 3. Nc3 Nf6 4. cxd5 exd5 5. Bg5 Be7 6. e3 O-O 7. Qc2 Nbd7 8.
Bd3 Re8 9. Nf3 c6 10. O-O Nf8 11. Rab1 a5 12. a3 Bd6 13. b4 axb4 14. axb4 Bg4
15. Nd2 Bh5 16. Bf5 Bg6 17. Bxg6 Nxg6 18. Nf3 h6 19. Bxf6 Qxf6 20. b5 Nh4 21.
Nxh4 Qxh4 22. g3 Qf6 23. bxc6 bxc6 24. Rb6 Rac8 25. Kg2 h5 26. h4 g5 27. hxg5
Qxg5 28. Ne2 h4 29. Rh1 hxg3 30. Qh7+ Kf8 31. Rh5 Qg7 32. Qh8+ Qxh8 33. Rxh8+
Ke7 34. Rxe8+ Kxe8 35. Nxg3 Bxg3 36. Kxg3 Kd7 37. Kf4 Ke6 38. Ra6 Rc7 39. Kg5
Rc8 40. Kf4 Rc7 41. f3 f6 42. e4 Rc8 43. Rb6 1/2-1/2

[Event "Lichtenrader Herbst 2011"]
[Site "Berlin"]
[Date "2011.10.13"]
[Round "6.20"]
[White "Welz, Peter"]
[Black "Yuan, Yizheng"]
[Result "1-0"]
[WhiteElo "2133"]
[BlackElo "1888"]
[PlyCount "45"]
[EventDate "2011.??.??"]
[WhiteTeam "SV Empor Berlin e.V."]
[BlackTeam "Schachpinguine Berlin e.V."]

1. e4 e5 2. Nf3 Nc6 3. d4 exd4 4. Nxd4 Nf6 5. Nxc6 bxc6 6. Bd3 d5 7. e5 Ng4 8.
Qe2 Bc5 9. O-O Qe7 10. Bf4 g5 11. Bg3 h5 12. e6 Bxe6 13. Nd2 h4 14. Be5 Nxe5
15. Qxe5 f6 16. Qc3 g4 17. Nb3 Bb6 18. Qxc6+ Kf7 19. c4 g3 20. c5 h3 21. fxg3
hxg2 22. Rfe1 Rab8 23. Bf5 1-0

[Event "Lichtenrader Herbst 2011"]
[Site "Berlin"]
[Date "2011.10.14"]
[Round "7.1"]
[White "Graf, Alexander"]
[Black "Meijers, Viesturs"]
[Result "1-0"]
[WhiteElo "2628"]
[BlackElo "2471"]
[PlyCount "81"]
[EventDate "2011.??.??"]
[WhiteTeam "Schachklub König Plauen"]
[BlackTeam "ESV Nickelhütte Aue"]

1. d4 Nf6 2. c4 e6 3. Nf3 d5 4. Nc3 Be7 5. Bg5 Nbd7 6. e3 O-O 7. Rc1 b6 8. cxd5
exd5 9. Be2 Bb7 10. O-O a6 11. Ne5 Re8 12. Nd3 Nf8 13. b4 Ne6 14. Bh4 Ne4 15.
Bxe7 Qxe7 16. Bg4 Nd6 17. a4 Rad8 18. b5 Nc4 19. Re1 c6 20. bxc6 Bxc6 21. Qb3
Ba8 22. h3 g6 23. Red1 Ng5 24. Kh1 h5 25. Be2 Nxe3 26. fxe3 Qxe3 27. Qb2 Qxd4
28. Bf1 Re3 29. Ne2 Qh4 30. Nf2 Qxa4 31. Qxb6 Rde8 32. Nd4 Qd7 33. Bxa6 Nxh3
34. gxh3 Rxh3+ 35. Kg2 Ree3 36. Qf6 Bb7 37. Bxb7 Rhg3+ 38. Kf1 Qxb7 39. Re1 Qb8
40. Rxe3 Rxe3 41. Nf5 1-0

[Event "Lichtenrader Herbst 2011"]
[Site "Berlin"]
[Date "2011.10.14"]
[Round "7.3"]
[White "Boetzer, Detlef"]
[Black "Teske, Henrik"]
[Result "0-1"]
[WhiteElo "2286"]
[BlackElo "2547"]
[PlyCount "110"]
[EventDate "2011.??.??"]
[WhiteTeam "SC Rotation Pankow e.V."]
[BlackTeam "SC 1950 Remagen"]

1. c4 e6 2. Nc3 d5 3. d4 Bb4 4. e3 Nf6 5. Bd3 O-O 6. Nf3 c5 7. O-O Nc6 8. a3
cxd4 9. exd4 dxc4 10. Bxc4 Bxc3 11. bxc3 b6 12. Bg5 Bb7 13. Qe2 Ne7 14. Bd3 Rc8
15. Rfc1 Qd6 16. Bxf6 gxf6 17. Qe3 Ng6 18. a4 Rc7 19. a5 Rfc8 20. axb6 axb6 21.
Bxg6 hxg6 22. h3 Kg7 23. Nh2 Qd5 24. f3 f5 25. Nf1 f6 26. Rab1 Qd6 27. Re1 Bd5
28. Rec1 f4 29. Qd2 Bc4 30. Nh2 f5 31. Re1 Bd5 32. Re5 Rxc3 33. Qxf4 Qc7 34.
Rbe1 Rc1 35. Qh4 Qd8 36. Qg3 b5 37. Nf1 b4 38. Qf4 Qc7 39. Qg5 Rxe1 40. Rxe1
Qd8 41. Qd2 b3 42. Ra1 Ra8 43. Rc1 Qd6 44. Qc3 Qf4 45. Nd2 Ra2 46. Rd1 Rc2 47.
Qb4 Rc7 48. Re1 Rb7 49. Qc3 Kh6 50. Rb1 Kh7 51. Nxb3 Qb8 52. Qc5 Rxb3 53. Qe7+
Kg8 54. Rxb3 Bxb3 55. Qf6 Qe8 0-1

[Event "Lichtenrader Herbst 2011"]
[Site "Berlin"]
[Date "2011.10.14"]
[Round "7.4"]
[White "Müller, Tobias"]
[Black "Priebe, Jan"]
[Result "0-1"]
[WhiteElo "2079"]
[BlackElo "2265"]
[PlyCount "72"]
[EventDate "2011.??.??"]
[WhiteTeam "SK Marmstorf GW Harburg"]
[BlackTeam "SC Tempo Göttingen"]

1. c4 Nf6 2. g3 g6 3. Bg2 Bg7 4. Nc3 O-O 5. e4 d6 6. Nge2 c5 7. O-O Nc6 8. d3
Ne8 9. Be3 Nc7 10. d4 cxd4 11. Nxd4 Ne5 12. b3 Ng4 13. Bc1 Ne6 14. Nde2 Bd7 15.
h3 Nf6 16. e5 dxe5 17. Bxb7 Rb8 18. Bg2 Qc7 19. Ba3 Rfe8 20. Rc1 Qa5 21. Bb2
Rbd8 22. a3 Nd4 23. b4 Qc7 24. Nxd4 exd4 25. Qxd4 Bxh3 26. Nd5 Qc8 27. Nxe7+
Rxe7 28. Bxh3 Qxh3 29. Qxd8+ Re8 30. Bxf6 Rxd8 31. Bxd8 Be5 32. Rc2 f5 33. Re1
f4 34. Rxe5 f3 35. Re8+ Kf7 36. Re7+ Kf8 0-1

[Event "Lichtenrader Herbst 2011"]
[Site "Berlin"]
[Date "2011.10.14"]
[Round "7.5"]
[White "Gaerths, Ronny"]
[Black "Graf, Felix"]
[Result "1/2-1/2"]
[WhiteElo "2219"]
[BlackElo "2341"]
[PlyCount "25"]
[EventDate "2011.??.??"]
[WhiteTeam "SC Kreuzberg e.V."]
[BlackTeam "FC Bayern München e.V."]

1. d4 e6 2. e4 d5 3. Bd3 dxe4 4. Bxe4 Nf6 5. Bf3 c5 6. Ne2 Nc6 7. Be3 Nd5 8.
Bxd5 exd5 9. dxc5 Bg4 10. c3 Qd7 11. Na3 O-O-O 12. Nc2 Ne5 13. O-O 1/2-1/2

[Event "Lichtenrader Herbst 2011"]
[Site "Berlin"]
[Date "2011.10.14"]
[Round "7.6"]
[White "Radovanovic, Jovica"]
[Black "Niehaus, Frank"]
[Result "0-1"]
[WhiteElo "2320"]
[BlackElo "2182"]
[PlyCount "110"]
[EventDate "2011.??.??"]
[WhiteTeam "BSC Rehberge 1945 e.V."]
[BlackTeam "SK König Tegel 1949 e.V."]

1. e4 c5 2. Nf3 d6 3. d4 cxd4 4. Nxd4 Nf6 5. Nc3 g6 6. Be2 Bg7 7. O-O O-O 8.
Re1 Nc6 9. Nb3 b6 10. Bf1 Bb7 11. Nd5 Nd7 12. Rb1 Rc8 13. Bg5 h6 14. Bh4 g5 15.
Bg3 Nde5 16. f4 gxf4 17. Nxf4 e6 18. Nh5 Bh8 19. Re3 Kh7 20. Bf4 Rg8 21. Rh3
Rg6 22. Qd2 Ne7 23. Ng3 Ng8 24. Be2 Nc4 25. Bxc4 Rxc4 26. c3 Bxe4 27. Rd1 Ra4
28. Bxd6 Bd5 29. Ba3 Rag4 30. Nd4 Bxd4+ 31. cxd4 f5 32. Rf1 Bxa2 33. Rf4 Rxf4
34. Qxf4 Rg4 35. Qd6 Rxd4 36. Qxd8 Rxd8 37. Nh5 Kg6 38. Bb4 Rd4 39. Bc3 Rg4 40.
Be5 Re4 41. Nf4+ Kf7 42. Ra3 Rxe5 43. Rxa7+ Kf6 44. Rxa2 Rb5 45. Ra8 Ne7 46.
Rh8 Ke5 47. g3 Nc6 48. Rxh6 Nd4 49. h4 Kd6 50. Rh8 e5 51. h5 exf4 52. h6 Nf3+
53. Kf1 fxg3 54. h7 Rxb2 55. Rg8 Rf2# 0-1

[Event "Lichtenrader Herbst 2011"]
[Site "Berlin"]
[Date "2011.10.14"]
[Round "7.8"]
[White "Thompson, Ian D"]
[Black "Freyberg, Dominic"]
[Result "1-0"]
[WhiteElo "2276"]
[BlackElo "2176"]
[PlyCount "51"]
[EventDate "2011.??.??"]
[WhiteTeam "Guildford"]
[BlackTeam "SC Rotation Pankow e.V."]

1. c4 Nf6 2. Nc3 g6 3. g3 Bg7 4. Bg2 O-O 5. Nf3 d6 6. O-O e5 7. d4 Nbd7 8. b3
Re8 9. e3 exd4 10. exd4 Nf8 11. Be3 c6 12. h3 Nh5 13. Qd2 Ne6 14. Bh6 Bh8 15.
Rad1 d5 16. Rfe1 dxc4 17. bxc4 Bd7 18. Ne5 Nc7 19. g4 Ng7 20. Ne4 Be6 21. Bg5
Qc8 22. Nf6+ Kf8 23. Nxh7+ Kg8 24. Nf6+ Kf8 25. Nxe8 Ncxe8 26. d5 1-0

[Event "Lichtenrader Herbst 2011"]
[Site "Berlin"]
[Date "2011.10.14"]
[Round "7.10"]
[White "Gruzmann, Boris"]
[Black "Welz, Peter"]
[Result "1/2-1/2"]
[WhiteElo "2258"]
[BlackElo "2133"]
[PlyCount "69"]
[EventDate "2011.??.??"]
[WhiteTeam "TuS Makkabi Berlin e.V."]
[BlackTeam "SV Empor Berlin e.V."]

1. e4 e6 2. d4 d5 3. Nc3 Bb4 4. e5 c5 5. Bd2 Bxc3 6. Bxc3 cxd4 7. Qxd4 Nc6 8.
Qg4 g6 9. Nf3 Bd7 10. O-O-O Qb6 11. Qh4 Nce7 12. g4 O-O-O 13. Nd4 Kb8 14. f4
Rc8 15. Qe1 a6 16. h4 h5 17. gxh5 Rxh5 18. Be2 Rh7 19. h5 gxh5 20. Rxh5 Rxh5
21. Bxh5 Ng6 22. Qg3 N8e7 23. f5 exf5 24. Qe1 Ka8 25. Ba5 Qa7 26. b3 Qb8 27.
Bb4 Nc6 28. Bd6 Qa7 29. Nxc6 Rxc6 30. Rxd5 Nf4 31. Bxf7 Nxd5 32. Bxd5 Qd4 33.
Bxc6 Qa1+ 34. Kd2 Qd4+ 35. Kc1 1/2-1/2

[Event "Lichtenrader Herbst 2011"]
[Site "Berlin"]
[Date "2011.10.14"]
[Round "7.11"]
[White "Müller, Daniel"]
[Black "Böhnisch, Manfred"]
[Result "0-1"]
[WhiteElo "2096"]
[BlackElo "2289"]
[PlyCount "106"]
[EventDate "2011.??.??"]
[WhiteTeam "SR Spaichingen"]
[BlackTeam "Schachgemeinschaft Leipzig"]

1. e4 e5 2. Nf3 Nc6 3. Nc3 Nf6 4. d4 exd4 5. Nxd4 Bb4 6. Nxc6 bxc6 7. Qd4 c5 8.
Qe5+ Qe7 9. Qxe7+ Kxe7 10. Bd2 Bb7 11. f3 c6 12. O-O-O d5 13. a3 Bxc3 14. Bxc3
Rhd8 15. Bd3 Bc8 16. Rhe1 Be6 17. e5 Nd7 18. b3 a5 19. f4 g6 20. h3 h5 21. Rf1
a4 22. b4 cxb4 23. Bxb4+ c5 24. Be1 Rdb8 25. f5 gxf5 26. Bxf5 Rg8 27. Bh4+ Ke8
28. Rd2 Ra6 29. Bxe6 fxe6 30. Bf6 Nb6 31. Rg1 Nc4 32. Rd3 Rb6 33. g4 Kd7 34.
Rdg3 Rgb8 35. Kd1 hxg4 36. hxg4 Rb1+ 37. Ke2 Rxg1 38. Rxg1 Nxa3 39. Ra1 Nxc2
40. Rxa4 Nd4+ 41. Kf2 Rb2+ 42. Ke1 c4 43. g5 Rg2 44. Kf1 Rg4 45. Ra3 Kc6 46.
Kf2 Kb5 47. Rg3 Rxg3 48. Kxg3 c3 49. g6 Nf5+ 50. Kf2 c2 51. Bg5 Kc4 52. Ke2 Kc3
53. Bc1 d4 0-1

[Event "Lichtenrader Herbst 2011"]
[Site "Berlin"]
[Date "2011.10.14"]
[Round "7.12"]
[White "Möller, Hendrik"]
[Black "Hertwig, Christopher"]
[Result "1-0"]
[WhiteElo "2222"]
[BlackElo "2073"]
[PlyCount "97"]
[EventDate "2011.??.??"]
[WhiteTeam "SC Weisse Dame e.V."]
[BlackTeam "SK König Tegel 1949 e.V."]

1. c4 Nf6 2. g3 e6 3. Bg2 d5 4. Nf3 Be7 5. O-O O-O 6. b3 c5 7. e3 Nc6 8. Qe2
Qa5 9. Bb2 Rd8 10. cxd5 exd5 11. d4 Bf5 12. a3 Qb6 13. Nbd2 c4 14. Qd1 Na5 15.
b4 Nc6 16. Bc3 a5 17. bxa5 Nxa5 18. Ne5 Nc6 19. Qf3 Be6 20. Rfb1 Qc7 21. a4
Nxe5 22. dxe5 Nd7 23. Qd1 Nxe5 24. Nf3 Nxf3+ 25. Bxf3 Bc5 26. Qc2 Qd7 27. Qb2
Rxa4 28. Rxa4 Qxa4 29. Bxg7 Qd7 30. Qe5 Be7 31. Bh8 f6 32. Bxf6 Bxf6 33. Qxf6
Rf8 34. Qg5+ Kh8 35. Qe5+ Kg8 36. Qg5+ Kh8 37. Qe5+ Kg8 38. Bg2 Rc8 39. Rxb7
Qxb7 40. Qxe6+ Kh8 41. Bxd5 Qc7 42. Qf6+ Qg7 43. Qa6 Qc7 44. Be6 c3 45. Bxc8 c2
46. Qa1+ Kg8 47. Be6+ Kf8 48. Qc1 Qc3 49. Bf5 1-0

[Event "Lichtenrader Herbst 2011"]
[Site "Berlin"]
[Date "2011.10.14"]
[Round "7.13"]
[White "Zschäbitz, Klaus"]
[Black "Jahnz, Fabian"]
[Result "0-1"]
[WhiteElo "2093"]
[BlackElo "2226"]
[PlyCount "74"]
[EventDate "2011.??.??"]
[WhiteTeam "BSG 1827 Eckbauer e.V."]
[BlackTeam "SK König Tegel 1949 e.V."]

1. d4 d5 2. c4 dxc4 3. e3 e5 4. Bxc4 exd4 5. exd4 Bd6 6. Nf3 Nf6 7. O-O O-O 8.
Nc3 Nc6 9. Bg5 h6 10. Bh4 Bf5 11. Nd5 g5 12. Ne3 Bg6 13. Bg3 Re8 14. Bb5 Bxg3
15. hxg3 Be4 16. Ne5 Re6 17. Nxc6 bxc6 18. Bc4 Rd6 19. Qb3 Rb8 20. Qa3 Rxd4 21.
Rad1 Rd6 22. b3 Ra8 23. Qc5 Qf8 24. Qa5 Qe7 25. Rfe1 Qd7 26. f3 Bg6 27. g4 Re8
28. Rc1 Rd2 29. Qxa7 Qd6 30. Nf1 Rxe1 31. Rxe1 Rb2 32. a4 c5 33. Kh1 h5 34.
gxh5 Bxh5 35. Qa5 Qf4 36. Qc3 Qh4+ 37. Kg1 Qf2+ 0-1

[Event "Lichtenrader Herbst 2011"]
[Site "Berlin"]
[Date "2011.10.14"]
[Round "7.14"]
[White "Schnabel, Ralf"]
[Black "Heuer, Thomas"]
[Result "1-0"]
[WhiteElo "2241"]
[BlackElo "2129"]
[PlyCount "103"]
[EventDate "2011.??.??"]
[WhiteTeam "ESV Nickelhütte Aue"]
[BlackTeam "TSG Neuruppin"]

1. e4 c6 2. d4 d5 3. Nd2 dxe4 4. Nxe4 Bf5 5. Ng3 Bg6 6. h4 h6 7. Nf3 Nd7 8. h5
Bh7 9. Bd3 Bxd3 10. Qxd3 e6 11. Bd2 Qc7 12. O-O-O O-O-O 13. Ne4 Ngf6 14. c4
Nxe4 15. Qxe4 Nf6 16. Qe2 c5 17. Bc3 cxd4 18. Nxd4 Qf4+ 19. Qe3 Qxe3+ 20. fxe3
Ne4 21. Ne2 Rxd1+ 22. Rxd1 Nxc3 23. Nxc3 Bc5 24. Rd3 Rd8 25. Kc2 Rxd3 26. Kxd3
Kd7 27. Na4 Be7 28. c5 g6 29. g4 gxh5 30. gxh5 f5 31. b4 Kc6 32. Kc4 Bg5 33.
b5+ Kc7 34. e4 fxe4 35. Nc3 e3 36. Kd3 a6 37. a4 axb5 38. axb5 Be7 39. Ne4 e5
40. Kxe3 Kd7 41. Kd3 Ke6 42. Kc4 Kf5 43. Kd5 Kf4 44. Nd6 Bh4 45. Nxb7 e4 46. c6
e3 47. Nc5 e2 48. c7 Ke3 49. c8=Q e1=Q 50. Qe6+ Kf3 51. Qf5+ Kg2 52. Qe4+ {Zü.}
1-0

[Event "Lichtenrader Herbst 2011"]
[Site "Berlin"]
[Date "2011.10.14"]
[Round "7.15"]
[White "Feuerstack, Aljoscha"]
[Black "Hahlbohm, Matthias"]
[Result "1-0"]
[WhiteElo "2424"]
[BlackElo "2074"]
[PlyCount "57"]
[EventDate "2011.??.??"]
[WhiteTeam "SK Norderstedt von 1975"]
[BlackTeam "TSG Oberschöneweide e.V."]

1. e4 e6 2. d4 d5 3. Nd2 Nf6 4. e5 Nfd7 5. Bd3 c5 6. c3 Nc6 7. Ngf3 Be7 8. O-O
O-O 9. Re1 Qb6 10. Nf1 cxd4 11. cxd4 f6 12. exf6 Nxf6 13. b3 Bd7 14. Bb2 Rae8
15. Rc1 Bb4 16. Re3 Ne7 17. Ne5 Bb5 18. Bb1 Nf5 19. Rh3 g6 20. Ne3 Nxe3 21.
Rxe3 Re7 22. Rg3 Rg7 23. a3 Bd6 24. Rf3 Bc6 25. Qe1 Be8 26. Rc8 Rc7 27. Ra8 Be7
28. h3 a6 29. Bc3 1-0

[Event "Lichtenrader Herbst 2011"]
[Site "Berlin"]
[Date "2011.10.14"]
[Round "7.16"]
[White "Wendt, Jan-Dietrich"]
[Black "Järvinen, Rauno"]
[Result "1/2-1/2"]
[WhiteElo "2373"]
[BlackElo "2149"]
[PlyCount "101"]
[EventDate "2011.??.??"]
[WhiteTeam "Sfrd. Berlin 1903 e.V."]
[BlackTeam "Sfrd. Berlin 1903 e.V."]

1. Nf3 c5 2. c4 g6 3. d4 cxd4 4. Nxd4 Nf6 5. Nc3 d5 6. Bg5 dxc4 7. e3 Bg7 8.
Bxc4 O-O 9. O-O Nbd7 10. Rc1 Ne5 11. Bb3 Bd7 12. Qe2 Rc8 13. Rfd1 Qa5 14. Bxf6
exf6 15. Nd5 Rc5 16. Rxc5 Qxc5 17. h3 Bc6 18. Nxc6 Nxc6 19. a3 Rd8 20. Ba2 a5
21. Nf4 Qe7 22. Rxd8+ Qxd8 23. Qb5 Qc7 24. Bd5 f5 25. Nd3 Bf8 26. g3 Nd8 27. h4
Kg7 28. Kg2 Bd6 29. Qe8 h6 30. Qa4 Qb6 31. Qc4 Kf8 32. a4 Ke7 33. e4 fxe4 34.
Qxe4+ Kf8 35. h5 gxh5 36. Qh4 Kg7 37. Qxh5 Qd4 38. Qf3 Qxa4 39. Bxb7 Ne6 40.
Bd5 Ng5 41. Qe2 Qd7 42. Bf3 Qh3+ 43. Kg1 Qf5 44. Bg2 Ne6 45. Be4 Qg5 46. Bg2
Qf5 47. Qe3 Qg4 48. Bf3 Qf5 49. Qe4 Qxe4 50. Bxe4 Nc5 51. Nxc5 1/2-1/2

[Event "Lichtenrader Herbst 2011"]
[Site "Berlin"]
[Date "2011.10.14"]
[Round "7.17"]
[White "Jaeger, Andre"]
[Black "Grottke, Hans-Joachim"]
[Result "1/2-1/2"]
[WhiteElo "2040"]
[BlackElo "2237"]
[PlyCount "55"]
[EventDate "2011.??.??"]
[WhiteTeam "SC Rochade e.V."]
[BlackTeam "SC Empor Potsdam 1952 e.V."]

1. d4 d5 2. c4 dxc4 3. Nf3 Nf6 4. e3 g6 5. Bxc4 Bg7 6. b4 O-O 7. Nc3 a5 8. b5
Ne8 9. Ba3 Nd6 10. Bb3 Nd7 11. Rc1 Nb6 12. Bxd6 cxd6 13. O-O d5 14. a4 Bg4 15.
h3 Bxf3 16. Qxf3 e6 17. Ne2 Qd6 18. Rc5 Nd7 19. Rc3 Rfc8 20. Rfc1 Nb6 21. Qf4
Qxf4 22. Nxf4 Rxc3 23. Rxc3 Rc8 24. Rc5 Kf8 25. Nd3 Ke8 26. Kf1 Bf8 27. Rxc8+
Nxc8 28. Ke2 1/2-1/2

[Event "Lichtenrader Herbst 2011"]
[Site "Berlin"]
[Date "2011.10.14"]
[Round "7.18"]
[White "Schildt, René"]
[Black "Kollberg, Lothar"]
[Result "0-1"]
[WhiteElo "2045"]
[BlackElo "2237"]
[PlyCount "68"]
[EventDate "2011.??.??"]
[WhiteTeam "SC Zugzwang 95 e.V."]
[BlackTeam "SC Rotation Pankow e.V."]

1. b3 Nf6 2. f4 g6 3. e3 Bg7 4. Bb2 O-O 5. Nf3 c5 6. Be2 d5 7. O-O d4 8. exd4
Nd5 9. Ne5 cxd4 10. Bxd4 Nxf4 11. Bc3 Nxe2+ 12. Qxe2 Nd7 13. Nxd7 Bxd7 14. Bxg7
Kxg7 15. d4 Bb5 16. Qe5+ f6 17. Qxb5 Qxd4+ 18. Kh1 Qxa1 19. Qxb7 Qe5 20. Na3
Qe2 21. Kg1 Qe3+ 22. Kh1 Rab8 23. Qa6 Rfd8 24. Rg1 Rd6 25. Qa5 Qe2 26. Qxa7 Rd1
27. h3 Rxg1+ 28. Kxg1 Qe1+ 29. Kh2 Qe5+ 30. Kh1 Rd8 31. Qg1 Qe2 32. Kh2 Rd1 33.
Qc5 Rf1 34. Nc4 Qe1 0-1

[Event "Lichtenrader Herbst 2011"]
[Site "Berlin"]
[Date "2011.10.14"]
[Round "7.19"]
[White "Magnussen, Helge"]
[Black "Witte, Ronald"]
[Result "1-0"]
[WhiteElo "2126"]
[BlackElo "2057"]
[PlyCount "45"]
[EventDate "2011.??.??"]
[WhiteTeam "SC Wrist-Kellinghusen von 1979"]
[BlackTeam "BSV 63 Chemie Weißensee"]

1. d4 Nf6 2. c4 e6 3. Nc3 d5 4. Nf3 Nbd7 5. e3 c6 6. Bd3 dxc4 7. Bxc4 b5 8. Bd3
a6 9. e4 c5 10. d5 c4 11. dxe6 fxe6 12. Bc2 Qc7 13. O-O Bd6 14. Nd4 Nc5 15. f4
Be7 16. e5 Nd5 17. Qh5+ Kd8 18. Nxd5 exd5 19. Qf7 Bb7 20. Qxg7 Rf8 21. f5 Kc8
22. f6 Qxe5 23. Bf5+ 1-0

[Event "Lichtenrader Herbst 2011"]
[Site "Berlin"]
[Date "2011.10.14"]
[Round "7.20"]
[White "Feikes, Joerg"]
[Black "Shapiro, Yosip"]
[Result "1/2-1/2"]
[WhiteElo "1991"]
[BlackElo "2181"]
[PlyCount "66"]
[EventDate "2011.??.??"]
[WhiteTeam "vereinlos"]
[BlackTeam "SV Berolina Mitte e.V."]

1. e4 c5 2. Nf3 Nc6 3. d4 cxd4 4. Nxd4 g6 5. Nb3 Bg7 6. Be2 Nf6 7. Nc3 O-O 8.
Be3 d6 9. O-O Ne5 10. f3 Bd7 11. Qd2 a6 12. Rad1 b5 13. Nd5 Rb8 14. Bd4 Nxd5
15. exd5 Nc4 16. Bxc4 bxc4 17. Bxg7 Kxg7 18. Qc3+ Kg8 19. Nd4 Qb6 20. Rfe1 e5
21. dxe6 Bxe6 22. Re4 d5 23. Rh4 g5 24. Qe3 f6 25. Qxe6+ Qxe6 26. Nxe6 gxh4 27.
Nxf8 Kxf8 28. b3 cxb3 29. axb3 Rc8 30. Rxd5 Rxc2 31. Rd6 Rc1+ 32. Kf2 Rc2+ 33.
Kf1 Rc1+ 1/2-1/2

[Event "Lichtenrader Herbst 2011"]
[Site "Berlin"]
[Date "2011.10.15"]
[Round "8.3"]
[White "Meijers, Viesturs"]
[Black "Schnabel, Ralf"]
[Result "1-0"]
[WhiteElo "2471"]
[BlackElo "2241"]
[PlyCount "99"]
[EventDate "2011.??.??"]
[WhiteTeam "ESV Nickelhütte Aue"]
[BlackTeam "ESV Nickelhütte Aue"]

1. d4 f5 2. g3 Nf6 3. Bg2 d6 4. Nf3 g6 5. c4 Bg7 6. O-O O-O 7. Qc2 Qe8 8. d5
Na6 9. Nc3 c6 10. Be3 Bd7 11. Rad1 h6 12. Bc1 Rc8 13. Nd4 cxd5 14. Nxd5 b5 15.
Nxf6+ Rxf6 16. Bb7 Nb4 17. Qb3 Rxc4 18. a3 Nc6 19. Bxc6 Bxc6 20. a4 a6 21. axb5
axb5 22. Be3 Kh7 23. Ra1 e5 24. Nxc6 Qxc6 25. Ra7 f4 26. Bd2 h5 27. gxf4 b4 28.
Qf3 e4 29. Qh3 Rf5 30. Qh4 Qe8 31. Re7 Qf8 32. Ra1 Rf7 33. Raa7 Rxe7 34. Rxe7
Rd4 35. Be3 Rd1+ 36. Kg2 Kg8 37. Rxe4 Bxb2 38. Qg5 Qf6 39. Rxb4 Qxg5+ 40. fxg5
Ba1 41. Rb7 Kf8 42. Bf4 Ke8 43. Kf3 Bc3 44. Rc7 Bb2 45. e4 Ba1 46. Ke2 Rd4 47.
f3 Bb2 48. Rb7 Ba1 49. Ra7 Bb2 50. Bd2 1-0

[Event "Lichtenrader Herbst 2011"]
[Site "Berlin"]
[Date "2011.10.15"]
[Round "8.4"]
[White "Jahnz, Fabian"]
[Black "Lagunow, Alexander"]
[Result "1/2-1/2"]
[WhiteElo "2226"]
[BlackElo "2430"]
[PlyCount "70"]
[EventDate "2011.??.??"]
[WhiteTeam "SK König Tegel 1949 e.V."]
[BlackTeam "TuS Makkabi Berlin e.V."]

1. e4 c5 2. c3 d5 3. exd5 Qxd5 4. d4 Nf6 5. Nf3 e6 6. Be3 cxd4 7. cxd4 Bb4+ 8.
Nc3 Qa5 9. Qc2 O-O 10. Bd3 b6 11. Ng5 g6 12. Nge4 Nbd7 13. O-O Bb7 14. a3 Be7
15. Ng3 Nd5 16. Nxd5 Bxd5 17. b4 Bxb4 18. axb4 Qxb4 19. Rfc1 Nf6 20. Qc7 Rfc8
21. Qf4 Rxc1+ 22. Rxc1 Ne8 23. Ne4 f5 24. Ng3 a5 25. Rb1 Qc3 26. Bb5 a4 27.
Bxe8 Rxe8 28. Rf1 a3 29. Ne2 Qb4 30. Qc7 Qc4 31. Qd7 Bc6 32. Qd6 Bb5 33. Qxa3
Qxe2 34. Rc1 g5 35. Bxg5 Qg4 1/2-1/2

[Event "Lichtenrader Herbst 2011"]
[Site "Berlin"]
[Date "2011.10.15"]
[Round "8.5"]
[White "Major, Vitalij"]
[Black "Thompson, Ian D"]
[Result "1/2-1/2"]
[WhiteElo "2136"]
[BlackElo "2276"]
[PlyCount "72"]
[EventDate "2011.??.??"]
[WhiteTeam "SC Zitadelle Spandau 1977 e.V."]
[BlackTeam "Guildford"]

1. d4 d5 2. Nf3 Nf6 3. c4 e6 4. Nc3 c6 5. Bg5 h6 6. Bxf6 Qxf6 7. e3 Nd7 8. Rc1
g6 9. Be2 dxc4 10. Bxc4 Bg7 11. O-O O-O 12. Be2 Qe7 13. Qb3 b6 14. Rfd1 Bb7 15.
a4 Rac8 16. a5 Rb8 17. axb6 axb6 18. Ra1 c5 19. Ra7 cxd4 20. Nxd4 Nc5 21. Qb5
Bxd4 22. Rxd4 Qg5 23. Bf1 Rfc8 24. b4 Nb3 25. Qxg5 hxg5 26. Rd7 Rxc3 27. Raxb7
Rxb7 28. Rxb7 Nd2 29. Rd7 Rc2 30. f3 Nxf1 31. Kxf1 Rb2 32. Rd4 Kg7 33. h4 gxh4
34. Rxh4 Kf6 35. Rd4 b5 36. g4 Kg5 {später...} 1/2-1/2

[Event "Lichtenrader Herbst 2011"]
[Site "Berlin"]
[Date "2011.10.15"]
[Round "8.7"]
[White "Niehaus, Frank"]
[Black "Möller, Hendrik"]
[Result "0-1"]
[WhiteElo "2182"]
[BlackElo "2222"]
[PlyCount "116"]
[EventDate "2011.??.??"]
[WhiteTeam "SK König Tegel 1949 e.V."]
[BlackTeam "SC Weisse Dame e.V."]

1. e4 c6 2. d4 d5 3. e5 c5 4. dxc5 e6 5. Nf3 Bxc5 6. Bd3 Nc6 7. O-O Nge7 8.
Nbd2 Ng6 9. Nb3 Bb6 10. Re1 Bd7 11. c3 O-O 12. h4 f6 13. Bxg6 hxg6 14. Bf4 fxe5
15. Bxe5 Nxe5 16. Rxe5 Rxf3 17. gxf3 Qxh4 18. Nd4 Kf7 19. Kf1 Qf4 20. Re1 e5
21. Qb3 Bc6 22. Nxc6 bxc6 23. c4 dxc4 24. Qc3 Qh2 25. Ke2 Qxf2+ 26. Kd1 Rd8+
27. Kc1 Bd4 28. Qxc4+ Rd5 29. Qe2 Bxb2+ 30. Kxb2 Rd2+ 31. Qxd2 Qxd2+ 32. Kb3
Qd3+ 33. Kb2 Qb5+ 34. Kc2 Qa4+ 35. Kd2 Qd4+ 36. Ke2 Ke6 37. Kf1 Qd3+ 38. Kf2
Qd2+ 39. Kg3 Qg5+ 40. Kf2 Qh4+ 41. Kg2 Qg5+ 42. Kf2 Qd2+ 43. Kg3 g5 44. Re4 c5
45. a4 Kf5 46. Rae1 Qd6 47. Rc1 g4 48. Rxg4 e4+ 49. f4 Qd3+ 50. Kh4 c4 51. Rxg7
Kxf4 52. Rf7+ Ke3 53. Rff1 c3 54. Rce1+ Kd4 55. Rf8 c2 56. Rd8+ Kc3 57. Rc8+
Kd2 58. Rg1 e3 0-1